| 000 | 00388nam a22001577a 4500 | ||
|---|---|---|---|
| 020 | _a9789348132673 | ||
| 082 |
_aM4 _bSOM/P |
||
| 100 | _aSomanadhan P | ||
| 245 |
_aPookalamonnil poonirapole/ _cby Somanadhan P |
||
| 260 |
_aKozhikode: _bAtma Books, _c2025. |
||
| 300 | _a222p. | ||
| 650 | _aEssays Malayalam | ||
| 650 | _aLiterature Malayalam | ||
| 650 | _aLiterature | ||
| 942 | _cBK | ||
| 999 |
_c181733 _d181733 |
||